000 02072cam a22004574i 4500
003 PE-LiUPU
005 20250731165403.0
008 151001s2009 pe grm 000 0 spa d
035 _a(Sirsi) a154730
040 _aPE-LiUPU
_bspa
_cPE-LiUPU
_erda
099 _aTE 3
_bV84 2009
100 1 _aVerdezoto Chávez, Martha Angélica
_eautor
245 1 _aRelaciones Interpersonales Docente-Alumno y la actitud hacia el estudio segun la percepción de los alumnos del 9º año de básica del colegio Adventista Emanuel /
_cMartha Angélica Verdezoto Chávez.
264 0 _c2009.
300 _a77 hojas
_c31 cm
336 _atext
_2rdacontent
337 _aunmediated
_2rdamedia
338 _avolume
_2rdacarrier
502 _aTesis
_b(Mg.) --
_cUniversidad Peruana Unión,
_d2009.
504 _aIncluye referencias
520 3 _aLas relaciones interpersonales son pequeños gestos que se dan en la sociedad a manera, bromas, chistes, abrazos, palmadas, pellizcos, etc., que hace que una persona se sienta contenta en su estado de ánimo, que hasta puede mejorar su trabajo, el estudio, el deporte y hasta la influencia social. De tal manera que en este proyecto de investigación cuyos objetivos, problemas e hipótesis; se plantea como las relaciones interpersonales docente - alumno se relacionan con la actitud hacia el estudio, en los alumnos del 9° año de básica del Colegio Adventista Emanuel.
526 _aSEG44
526 _aSEG26
526 _aP151
526 _aP150
526 _aP149
526 _aP146
526 _aP145
526 _aP126
526 _aP125
526 _aP92
526 _aP75
526 _aP74
526 _aP27
526 _aP15
650 0 4 _aDocente
_xAlumnos
_xInterrelación.
596 _a1
942 _2ddc
_cTESIS
999 _aTE 3 V84 2009
_wALPHANUM
_c7430
_iT01087
_lCCODEBUL3
_mBUL
_r1
_sY
_tTESIS
_u2015-10-1
_xPOSGRADO
_PP57
_o.STAFF. Tesis
_d7430
999 _aTE 3 V84 2009
_wALPHANUM
_c2
_iT01710
_lCCODEBUL3
_mBUL
_r1
_sY
_tTESIS
_u2015-10-1
_xPOSGRADO
_PP57
_o.STAFF. Tesis
980 _81
_gALBERTO SANCHEZ Responsable de Automatización